Città più grandi dell'Umbria - Statistics

Statistiche generali
  • Questo quiz è stato fatto 64 volte
  • Il punteggio medio è 13 su 25
Statistiche sulle risposte
Provincia Città Popolazione % Corretto
PG Perugia 164.057
100%
PG Terni 109.255
98%
PG Spoleto 37.331
90%
PG Assisi 28.059
84%
PG Foligno 55.256
82%
TR Orvieto 20.121
78%
PG Gubbio 31.338
75%
PG Città di Castello 38.409
73%
TR Narni 18.523
65%
PG Todi 15.429
57%
PG Spello 8.391
45%
TR Amelia 11.464
41%
PG Città della Pieve 7.621
37%
PG Gualdo Tadino 14.424
37%
PG Umbertide 16.355
37%
PG Bastia Umbra 21.278
35%
PG Castiglione del Lago 14.712
33%
PG Corciano 21.210
33%
PG Marsciano 18.031
31%
PG Trevi 8.155
31%
PG Deruta 9.330
27%
PG Magione 14.679
27%
PG Gualdo Cattaneo 5.741
24%
PG Torgiano 6.510
20%
PG San Giustino 10.868
10%
Nessun quiz corrispondente trovato
Distribuzione punteggi
Percentuale di utenti per punteggio
Percentile per numero di risposta
I tuoi punteggi nel tempo
Non hai fatto questo quiz